000 00685cam a22002537a 4500
001 000798
003 armpunfd
005 20140612090621.0
008 031219e1994####xx#a##########000#0#und#d
040 _aarmpunfd
_carmpunfd
080 _a366.5 ST 52
100 1 0 _a Stiglitz, Ruben S.
245 1 0 _aDerechos y defensa del consumidor
260 _a Buenos Aires
_b Larocca
_c1994
300 _a398p.
650 7 _a93
_2LEMB
650 7 _a Decreto 2089
_2LEMB
650 7 _a Defensa Del Consumidor
_2LEMB
650 7 _a Derechos Del Consumidor
_2LEMB
650 7 _a Ley 24.240
_2LEMB
700 1 0 _aStiglitz, Gabrial A.
942 _cLB
_2cdu
945 _aCatalis
_d2010-08-19
999 _c789
_d231293